<?xml version="1.0" encoding="UTF-8"?>
<record
    xmlns:xsi="http://www.w3.org/2001/XMLSchema-instance"
    xsi:schemaLocation="http://www.loc.gov/MARC21/slim http://www.loc.gov/standards/marcxml/schema/MARC21slim.xsd"
    xmlns="http://www.loc.gov/MARC21/slim">

  <leader>03081nam a2200313 a 4500</leader>
  <controlfield tag="003">OSt</controlfield>
  <controlfield tag="005">20260210112100.0</controlfield>
  <controlfield tag="007">cr ||||||a|c|a</controlfield>
  <controlfield tag="008">230508s        |||a|||fom||| 001 0 spa d</controlfield>
  <datafield tag="040" ind1=" " ind2=" ">
    <subfield code="e">rda</subfield>
  </datafield>
  <datafield tag="100" ind1=" " ind2=" ">
    <subfield code="9">186926</subfield>
    <subfield code="a">Cruz Ju&#xE1;rez, Eduardo</subfield>
  </datafield>
  <datafield tag="245" ind1="1" ind2=" ">
    <subfield code="a">Estimaci&#xF3;n de variables dasom&#xE9;tricas a partir de datos lidiar de &#xE1;rboles individuales de pinus hartwegii Lin en el Oriente del Monte Tl&#xE1;loc, Texcoco, Estado de M&#xE9;xico / </subfield>
    <subfield code="c">por Eduardo Cruz Ju&#xE1;rez; director de tesis Fabi&#xE1;n Islas Guti&#xE9;rrez.</subfield>
  </datafield>
  <datafield tag="264" ind1=" " ind2=" ">
    <subfield code="a">Chapingo, M&#xE9;xico :</subfield>
    <subfield code="b">El autor,</subfield>
    <subfield code="c">2019.</subfield>
  </datafield>
  <datafield tag="300" ind1=" " ind2=" ">
    <subfield code="a">1 recurso en l&#xED;nea (60  p&#xE1;ginas).</subfield>
    <subfield code="b">cuadros, figuras.</subfield>
  </datafield>
  <datafield tag="336" ind1=" " ind2=" ">
    <subfield code="2">rdacontent</subfield>
    <subfield code="a">texto</subfield>
    <subfield code="b">txt</subfield>
  </datafield>
  <datafield tag="337" ind1=" " ind2=" ">
    <subfield code="2">rdamedia</subfield>
    <subfield code="a">computadora</subfield>
    <subfield code="b">c</subfield>
  </datafield>
  <datafield tag="338" ind1=" " ind2=" ">
    <subfield code="2">rdacarrier</subfield>
    <subfield code="a">recurso en l&#xED;nea</subfield>
    <subfield code="b">cr</subfield>
  </datafield>
  <datafield tag="502" ind1=" " ind2=" ">
    <subfield code="b">IF</subfield>
    <subfield code="c">DICIFO</subfield>
    <subfield code="d">2019.</subfield>
    <subfield code="g">LIC</subfield>
  </datafield>
  <datafield tag="504" ind1=" " ind2=" ">
    <subfield code="a">Incluye referencias bibliogr&#xE1;ficas: p&#xE1;ginas 46-49.</subfield>
  </datafield>
  <datafield tag="520" ind1=" " ind2=" ">
    <subfield code="a">Los datos LIDAR (Detecci&#xF3;n y medici&#xF3;n de la luz) pueden ser manipulados para obtener informaci&#xF3;n de las variables de inter&#xE9;s forestal, como pueden ser altura total, altura de fuste limpio, di&#xE1;metro de copa, la estructura vertical y horizontal del arbolado. FUSION&#xAE; es un software libre para procesar este tipo de datos. En el presente trabajo se estimaron variables dasom&#xE9;tricas a partir datos LiDAR y datos medidos en campo de &#xE1;rboles individuales de Pinus hartwegii lindl. Se us&#xF3; LIDAR a&#xE9;reo para realizar mediciones directas desde la ventana LDV, estas fueron: la altura, altura de fuste limpio y di&#xE1;metro de copa. El di&#xE1;metro normal fue estimado con un modelo de regresi&#xF3;n lineal m&#xFA;ltiple utilizando la altura total y el di&#xE1;metro de copa obtenidos de los datos LiDAR. La biomasa y carbono fueron obtenidos con los di&#xE1;metros estimados. Todas estas mediciones fueron aplicadas para 60 &#xE1;rboles individuales distribuidos en una superficie de 1 km2 ubicada en Monte Tlaloc, municipio de Texcoco, Estado de M&#xE9;xico. Las mediciones obtenidas directamente con LIDAR y las estimadas se compararon con los datos obtenidos en campo. Las correlaciones para las variables tomadas directamente de FUSION fueron 0.99 para la altura, 0.93 para fuste limpio y 0.95 para la copa. La mediana de los errores de estas variables fue de 0.135 m, -1.125 m y -0.220 m respectivamente. Para las variables estimadas la correlaci&#xF3;n fue de 0.93 para di&#xE1;metro normal y 0.90 para biomasa y carbono, con mediana de - 0.125cm para el di&#xE1;metro, -7.66kg para la biomasa y -3.725kg para el carbono. Los datos LiDAR permiten obtener y estimar variables de inter&#xE9;s forestal con una gran precisi&#xF3;n y m&#xE1;rgenes de errores peque&#xF1;os.</subfield>
  </datafield>
  <datafield tag="650" ind1=" " ind2="0">
    <subfield code="9">185910</subfield>
    <subfield code="a">Pinus hartwegii</subfield>
    <subfield code="x">Crecimiento</subfield>
  </datafield>
  <datafield tag="650" ind1=" " ind2="2">
    <subfield code="9">130371</subfield>
    <subfield code="a">Pino</subfield>
    <subfield code="x">Variedades</subfield>
    <subfield code="x">Dasometr&#xED;a</subfield>
  </datafield>
  <datafield tag="650" ind1=" " ind2="2">
    <subfield code="9">130250</subfield>
    <subfield code="a">&#xC1;rboles</subfield>
    <subfield code="x">Medici&#xF3;n</subfield>
  </datafield>
  <datafield tag="650" ind1=" " ind2="2">
    <subfield code="9">131537</subfield>
    <subfield code="a">Biomasa forestal</subfield>
    <subfield code="x">Medici&#xF3;n</subfield>
  </datafield>
  <datafield tag="650" ind1=" " ind2="2">
    <subfield code="9">132308</subfield>
    <subfield code="a">Bosques</subfield>
    <subfield code="x">Secuestro de carbono</subfield>
  </datafield>
  <datafield tag="700" ind1="0" ind2=" ">
    <subfield code="9">60597</subfield>
    <subfield code="a">Islas Guti&#xE9;rrez, Fabi&#xE1;n</subfield>
    <subfield code="e">Director de tesis.</subfield>
  </datafield>
  <datafield tag="856" ind1=" " ind2=" ">
    <subfield code="u">http://10.13.5.2/tesis/tl/Cruz_Juarez_Eduardo.pdf</subfield>
    <subfield code="z">DESCARGAR PDF</subfield>
  </datafield>
  <datafield tag="942" ind1=" " ind2=" ">
    <subfield code="2">Clasificaci&#xF3;n Universidad Aut&#xF3;noma Chapingo</subfield>
    <subfield code="c">TD</subfield>
  </datafield>
  <datafield tag="999" ind1=" " ind2=" ">
    <subfield code="c">218696</subfield>
    <subfield code="d">218696</subfield>
  </datafield>
  <datafield tag="952" ind1=" " ind2=" ">
    <subfield code="0">0</subfield>
    <subfield code="1">0</subfield>
    <subfield code="2">local</subfield>
    <subfield code="4">0</subfield>
    <subfield code="5">1</subfield>
    <subfield code="7">0</subfield>
    <subfield code="8">TesDigL</subfield>
    <subfield code="a">BD</subfield>
    <subfield code="b">BD</subfield>
    <subfield code="c">E_L</subfield>
    <subfield code="d">2024-08-27</subfield>
    <subfield code="l">0</subfield>
    <subfield code="o">Tesis digital</subfield>
    <subfield code="r">2024-08-27 12:34:38</subfield>
    <subfield code="w">2024-08-27</subfield>
    <subfield code="y">TD</subfield>
  </datafield>
</record>
